000 00310nam a22001217a 4500
003 OSt
005 20260115121745.0
008 260115b |||||||| |||| 00| 0 eng d
040 _cfms
100 _aBREALEY(RA)
_dMYERS(SC)
_9875836
245 _aPrinciples of corporate Finance
942 _2CC
_cTB
_kX:8D Q0
_n0
999 _c1474561
_d1474561